Some Mathematical Questions in Biology : The Dynamics of Excitable Media : edited by Hans G. Othmer.
Saved in:
| Corporate Author: | |
|---|---|
| Other Authors: | |
| Format: | Book |
| Language: | English |
| Published: |
Providence, Rhode Island :
American Mathematical Society,
c1989.
|
| Series: | Lectures on mathematics in the life sciences ;
21 |
| Subjects: | |
| Tags: |
Add Tag
No Tags, Be the first to tag this record!
|
MARC
| LEADER | 00000cam a2200000 i 4500 | ||
|---|---|---|---|
| 001 | 1/63167 | ||
| 008 | 960306s1989 riu ||| | eng|| | ||
| 020 | |a 0821811711 | ||
| 035 | |a 1995 |c ΠΟΥΡΝΑΡΑΣ |l 10046744 | ||
| 040 | |a GR-MyUA |b gre |e AACR2 | ||
| 041 | 0 | |a eng | |
| 082 | 0 | |a 574.19 | |
| 110 | 1 | |a Symposioum on Some Mathematical Questions in Biology. | |
| 245 | 1 | 0 | |a Some Mathematical Questions in Biology : |b The Dynamics of Excitable Media : edited by Hans G. Othmer. |
| 260 | |a Providence, Rhode Island : |b American Mathematical Society, |c c1989. | ||
| 300 | |a 179 σ. ; |c 22 εκ. | ||
| 490 | 1 | |a (Lectures on mathematics in the life sciences |v ; 21) | |
| 500 | |a Περιέχει βιβλιογραφικές αναφορές. | ||
| 500 | |a Proceedings of the 1988 Symposium Some Mathematical Questions in Biology at rhe Annual Meeting of the American Association for the Advancement of Science in las vegas, Nevada, May 4, 1988.This symposium was sponsored by National Science Foundation. | ||
| 650 | 0 | 0 | |a Excitation (Philosophy) |x Mathematical models |x Congresses. |
| 650 | 0 | 0 | |a Electrophysiology |x Mathematical models |x Congresses. |
| 650 | 0 | 0 | |a Heart conduction system |x Mathematical models |x Congresses. |
| 700 | 1 | |a Othmer, H. G. |q (Hans G.), |d 1943- |e edt | |
| 830 | 0 | |a Lectures on mathematics in the life sciences ; |v 21 | |
| 852 | |a INST |b SAMOS |e 19960306 |h 574.19 SYM |p 005300010112 |q 005300010112 |t BK |y 0 | ||
| 909 | |a Σ |b 043453 | ||